[Event "CRO-chT2W"]
[Site "Croatia"]
[Date "2016.04.09"]
[Round "4.6"]
[White "Cvencek, Mladen"]
[Black "Sepic, Ante"]
[Result "1/2-1/2"]
[WhiteElo "1965"]
[BlackElo "1857"]
[PlyCount "136"]
[EventDate "2016.03.05"]
[EventType "team-tourn"]
[EventRounds "9"]
[EventCountry "CRO"]
[SourceTitle "CBM 171 Extra"]
[Source "ChessBase"]
[SourceDate "2016.04.26"]
[SourceVersion "1"]
[SourceVersionDate "2016.04.26"]
[SourceQuality "1"]
[WhiteTeam "Buje"]
[BlackTeam "Ravna Gora Goranka"]
[WhiteTeamCountry "CRO"]
[BlackTeamCountry "CRO"]

1. d4 d5 2. Nf3 Nf6 3. c4 c6 4. e3 g6 5. Nc3 Bf5 6. Qb3 Qb6 7. Qxb6 axb6 8. cxd5 cxd5 9. Ne5 Bg7 10. Bb5+ Bd7 11. Nxd7 Nbxd7 12. f3 e6 13. e4 dxe4 14. fxe4 Ke7 15. 0-0 Rhd8 16. e5 Ne8 17. Bg5+ f6 18. exf6+ Bxf6 19. Bxf6+ Ndxf6 20. Rad1 Nc7 21. Bc4 Nfd5 22. Rfe1 Nxc3 23. bxc3 Nd5 24. Re5 Ra5 25. Rde1 Rd6 26. Bb3 Nc7 27. R5e4 b5 28. Re5 Ra8 29. d5 Rad8 30. dxe6 Rf8 31. h3 Rf6 32. R1e4 Rc6 33. c4 bxc4 34. Bxc4 Rf5 35. Rxf5 gxf5 36. Rh4 Kf6 37. Bb3 Kg6 38. e7 b5 39. Rd4 Kf6 40. Rd7 Ne8 41. Rb7 Nd6 42. Rd7 Ne8 43. Rb7 Nd6 44. Rxb5 Kxe7 45. Re5+ Kf6 46. Re6+ Kg5 47. Kh2 h5 48. Bd5 Rb6 49. a4 h4 50. a5 Ra6 51. Bc4 Rc6 52. Bd5 Ra6 53. Bb7 Ra7 54. Rxd6 Rxb7 55. a6 Rb3 56. a7 Ra3 57. Rd7 Ra1 58. Rg7+ Kh6 59. Rc7 Kg6 60. g4 fxg4 61. hxg4 Ra3 62. a8Q Rxa8 63. Kh3 Rh8 64. Rc6+ Kg5 65. Rc5+ Kg6 66. Rc6+ Kg5 67. Rc1 Rh7 68. Rc8 Kg6 1/2-1/2

[Event "CRO-chT2 West"]
[Site "Croatia"]
[Date "2015.10.25"]
[Round "8.6"]
[White "Juras, Zvonko"]
[Black "Sepic, Ante"]
[Result "1-0"]
[WhiteElo "1885"]
[BlackElo "1857"]
[PlyCount "41"]
[EventDate "2015.02.21"]
[EventType "team-tourn"]
[EventRounds "9"]
[EventCountry "CRO"]
[SourceTitle "EXT 2017"]
[Source "ChessBase"]
[SourceDate "2016.10.25"]
[SourceVersion "1"]
[SourceVersionDate "2016.10.25"]
[SourceQuality "1"]
[WhiteTeam "Buje"]
[BlackTeam "Ravna Gora Goranka"]
[WhiteTeamCountry "CRO"]
[BlackTeamCountry "CRO"]

1. e4 c5 2. d4 cxd4 3. c3 dxc3 4. Nxc3 d6 5. Bc4 Nd7 6. Nf3 Nb6 7. Bb3 h6 8. 0-0 Bg4 9. Qe2 Nf6 10. Rd1 Nfd7 11. Be3 e5 12. Nb5 a6 13. Nxd6+ Bxd6 14. Rxd6 Qc7 15. Rdd1 0-0 16. Rac1 Qb8 17. Qd2 Bxf3 18. gxf3 Rd8 19. Qa5 Qa7 20. Ba4 Rac8 21. Rxc8 1-0

[Event "CRO-chT3 West"]
[Site "Croatia"]
[Date "2010.03.28"]
[Round "2.43"]
[White "Sepic, Ante"]
[Black "Tomulic, Vesna"]
[Result "0-1"]
[WhiteElo "1870"]
[BlackElo "1930"]
[PlyCount "62"]
[EventDate "2010.03.27"]
[EventType "team-tourn"]
[EventRounds "9"]
[EventCountry "CRO"]
[SourceTitle "EXT 2012"]
[Source "ChessBase"]
[SourceDate "2011.11.24"]
[SourceVersion "1"]
[SourceVersionDate "2011.11.24"]
[SourceQuality "1"]

1. e4 c5 2. Nf3 e6 3. d4 cxd4 4. Nxd4 a6 5. c4 Qc7 6. Be2 Nc6 7. Nf3 Nf6 8. Nbd2 b6 9. 0-0 Bb7 10. a3 Be7 11. Bd3 0-0 12. b4 Ng4 13. Bb2 a5 14. h3 Nge5 15. Nxe5 Nxe5 16. Bxe5 Qxe5 17. b5 Rac8 18. Qe2 Qf4 19. g3 Qg5 20. Kh2 Bf6 21. e5 Qxe5 22. Qxe5 Bxe5 23. Rad1 Rfd8 24. f4 Bb2 25. a4 d5 26. cxd5 Bxd5 27. Bb1 Bd4 28. Nf3 Bc5 29. Ng5 f5 30. Rfe1 h6 31. Nxe6 Bxe6 0-1

[Event "CRO-chT3 West"]
[Site "Croatia"]
[Date "2010.03.27"]
[Round "1.23"]
[White "Pejic, Igor"]
[Black "Sepic, Ante"]
[Result "1/2-1/2"]
[WhiteElo "1912"]
[BlackElo "1870"]
[PlyCount "116"]
[EventDate "2010.03.27"]
[EventType "team-tourn"]
[EventRounds "9"]
[EventCountry "CRO"]
[SourceTitle "EXT 2012"]
[Source "ChessBase"]
[SourceDate "2011.11.24"]
[SourceVersion "1"]
[SourceVersionDate "2011.11.24"]
[SourceQuality "1"]

1. e4 c5 2. Nf3 d6 3. d4 cxd4 4. Qxd4 Nc6 5. Bb5 Bd7 6. Bxc6 Bxc6 7. Nc3 Nf6 8. Bg5 Nd7 9. 0-0-0 Qb6 10. Qd2 g6 11. Nd5 Bxd5 12. exd5 Bg7 13. c3 Nf6 14. Rhe1 Qc7 15. Qe3 a6 16. Rd4 Qd7 17. Rd2 Rc8 18. Rde2 Nxd5 19. Qd2 Qb5 20. Bxe7 Nxc3 21. bxc3 Rxc3+ 22. Qxc3 Bxc3 23. Bf6+ Kd7 24. Re7+ Kc8 25. Bxc3 Rd8 26. Kc2 Qa4+ 27. Kb2 Qb5+ 28. Kc2 Qa4+ 29. Kb1 Qb5+ 30. Bb2 Qf5+ 31. Ka1 Rd7 32. Rxd7 Kxd7 33. a3 Qd3 34. Rc1 h5 35. Bc3 Qe2 36. Bd4 Qd3 37. Kb2 Qb5+ 38. Kc3 Qa5+ 39. Kb2 Qb5+ 40. Ka1 Qa4 41. Ka2 Qb5 42. Rb1 Qc4+ 43. Kb2 Qb5+ 44. Kc2 Qe2+ 45. Kc3 b5 46. Be3 Qc4+ 47. Kb2 b4 48. axb4 Qxb4+ 49. Kc2 Qe4+ 50. Kc1 a5 51. Ra1 Qd3 52. Kb2 Qb5+ 53. Kc2 a4 54. Nd4 Qc4+ 55. Kb2 f5 56. g3 g5 57. Rd1 Qb4+ 58. Ka2 g4 1/2-1/2

[Event "CRO-chT U20 17th"]
[Site "Sv Filip i Jakov"]
[Date "2008.03.29"]
[Round "10"]
[White "Sepic, Ante"]
[Black "Buhin, Denis"]
[Result "0-1"]
[WhiteElo "1925"]
[BlackElo "1851"]
[PlyCount "152"]
[EventDate "2008.03.25"]
[EventType "team-tourn"]
[EventRounds "11"]
[EventCountry "CRO"]
[SourceTitle "EXT 2010"]
[Source "ChessBase"]
[SourceDate "2010.11.25"]
[SourceVersion "1"]
[SourceVersionDate "2010.11.25"]
[SourceQuality "1"]

1. e4 c5 2. Nf3 d6 3. d4 cxd4 4. Nxd4 Nf6 5. Nc3 g6 6. Be3 Bg7 7. Be2 Nc6 8. f4 0-0 9. a3 Bd7 10. 0-0 a6 11. h3 Rc8 12. Rb1 b5 13. Bf3 Qc7 14. Qd3 Nxd4 15. Bxd4 Be6 16. Rf2 Qc4 17. Qe3 Ng4 18. hxg4 Bxd4 19. Qe2 Qxe2 20. Bxe2 Bxf2+ 21. Kxf2 Rc5 22. Kf3 Kg7 23. Rc1 Rfc8 24. Bd1 Rxc3+ 25. bxc3 Rxc3+ 26. Kf2 Rxa3 27. Be2 f5 28. exf5 gxf5 29. g5 Ra2 30. Bd3 b4 31. Re1 b3 32. Rxe6 bxc2 33. Bxc2 Rxc2+ 34. Kf3 Rc7 35. Re3 a5 36. Ra3 Rc5 37. Ra4 e5 38. g3 e4+ 39. Ke3 d5 40. Ra3 Rb5 41. Kd4 Kg6 42. Ra2 h6 43. gxh6 Kxh6 44. Rh2+ Kg6 45. Rh8 Kg7 46. Ra8 Kg6 47. Rh8 Kg7 48. Ra8 Kf6 49. Ra6+ Ke7 50. Kc3 Kd7 51. Kd4 Kc7 52. Rf6 Kb7 53. Rxf5 a4 54. Rh5 a3 55. Rh1 a2 56. Ra1 Ra5 57. f5 Kc7 58. Ke5 Kd7 59. Kf6 e3 60. g4 e2 61. g5 e1Q 62. Rxe1 a1Q+ 63. Rxa1 Rxa1 64. Kf7 d4 65. g6 d3 66. g7 Rg1 67. g8Q Rxg8 68. Kxg8 d2 69. f6 d1Q 70. f7 Qg4+ 71. Kf8 Qf5 72. Kg7 Ke7 73. Kh8 Qh5+ 74. Kg8 Qxf7+ 75. Kh8 Qh5+ 76. Kg7 Qg5+ 0-1

[Event "CRO-chT U20 17th"]
[Site "Sv Filip i Jakov"]
[Date "2008.03.25"]
[Round "1"]
[White "Berke, Ana"]
[Black "Sepic, Ante"]
[Result "1-0"]
[WhiteElo "2059"]
[BlackElo "1925"]
[PlyCount "131"]
[EventDate "2008.03.25"]
[EventType "team-tourn"]
[EventRounds "11"]
[EventCountry "CRO"]
[SourceTitle "EXT 2010"]
[Source "ChessBase"]
[SourceDate "2010.11.25"]
[SourceVersion "1"]
[SourceVersionDate "2010.11.25"]
[SourceQuality "1"]

1. e4 c5 2. Nf3 Nc6 3. d4 cxd4 4. Nxd4 d6 5. Nc3 g6 6. Be2 Bd7 7. 0-0 Bg7 8. Nb3 Nf6 9. Re1 Rc8 10. Bf1 Be6 11. Nd5 Nd7 12. c3 0-0 13. Bg5 f6 14. Be3 a6 15. Qd2 Bf7 16. f4 e6 17. Nb4 Nxb4 18. cxb4 d5 19. exd5 exd5 20. f5 Re8 21. b5 axb5 22. Bxb5 Re5 23. Bxd7 Qxd7 24. Nd4 Rce8 25. b4 gxf5 26. Bf4 Rxe1+ 27. Rxe1 Rxe1+ 28. Qxe1 Qe8 29. Qxe8+ Bxe8 30. Nxf5 Bf8 31. a3 Kf7 32. Kf2 Bd7 33. g4 h5 34. h3 hxg4 35. hxg4 Bxf5 36. gxf5 Ke7 37. Ke3 Kd7 38. Kd4 Kc6 39. Bd2 b5 40. Kd3 Bd6 41. Kc2 Bf8 42. Bc3 Be7 43. Bd4 Kd7 44. Kb3 Kc6 45. a4 Bd8 46. a5 Be7 47. a6 Bd8 48. a7 Kb7 49. Kc2 Be7 50. Kc3 Bd8 51. Bc5 Bc7 52. Kd4 Be5+ 53. Kxd5 Bb2 54. Bd4 Ba3 55. Kc5 Kxa7 56. Kxb5+ Kb7 57. Bxf6 Bc1 58. Bd4 Bh6 59. f6 Kc7 60. f7 Kd7 61. Bc5 Bf8 62. Bxf8 Ke6 63. Kc6 Kxf7 64. b5 Kxf8 65. b6 Ke7 66. b7 1-0

[Event "CRO-chT U20 17th"]
[Site "Sv Filip i Jakov"]
[Date "2008.03.25"]
[Round "2"]
[White "Sepic, Ante"]
[Black "Bosiocic, Marin"]
[Result "0-1"]
[WhiteElo "1925"]
[BlackElo "2498"]
[PlyCount "78"]
[EventDate "2008.03.25"]
[EventType "team-tourn"]
[EventRounds "11"]
[EventCountry "CRO"]
[SourceTitle "EXT 2010"]
[Source "ChessBase"]
[SourceDate "2010.11.25"]
[SourceVersion "1"]
[SourceVersionDate "2010.11.25"]
[SourceQuality "1"]

1. e4 c5 2. Nf3 e6 3. d4 cxd4 4. Nxd4 a6 5. c4 Nf6 6. Qc2 Bc5 7. Nb3 Ba7 8. Be2 Nc6 9. Bd2 0-0 10. 0-0 d6 11. Bc3 Bd7 12. N1d2 Rc8 13. Rad1 Qe7 14. Nf3 e5 15. Qd3 Rfd8 16. Nbd2 Be6 17. Qb1 Nh5 18. Rfe1 Nf4 19. Bf1 Qf6 20. g3 Nh3+ 21. Bxh3 Bxh3 22. Re2 Ne7 23. Qd3 Ng6 24. Kh1 h5 25. Ng1 Bg4 26. f3 Be6 27. f4 Bg4 28. Ngf3 b5 29. f5 bxc4 30. Qc2 d5 31. exd5 Rxd5 32. Rde1 Bxf5 33. Ne4 Qc6 34. Qc1 Rd3 35. Ned2 Rxf3 36. Nxf3 Qxf3+ 37. Rg2 Bh3 38. Qd2 f6 39. Qe2 Bxg2+ 0-1

[Event "CRO-ch U15 16th"]
[Site "Sibenik"]
[Date "2007.08.30"]
[Round "7"]
[White "Filipovic, Ivan"]
[Black "Sepic, Ante"]
[Result "1/2-1/2"]
[WhiteElo "1983"]
[BlackElo "1893"]
[PlyCount "124"]
[EventDate "2007.08.27"]
[EventType "swiss"]
[EventRounds "9"]
[EventCountry "CRO"]
[SourceTitle "CBM 120 Extra"]
[Source "ChessBase"]
[SourceDate "2007.11.01"]
[SourceVersion "1"]
[SourceVersionDate "2007.11.01"]
[SourceQuality "1"]

1. e4 c5 2. Nf3 Nc6 3. Nc3 Nf6 4. d4 cxd4 5. Nxd4 d6 6. f3 a6 7. Be3 Qb6 8. a3 e6 9. Bc4 Nxd4 10. Bxd4 Qc7 11. Bb3 Be7 12. Qd2 Bd7 13. 0-0-0 e5 14. Be3 Be6 15. Bxe6 fxe6 16. h4 Qc6 17. g4 0-0-0 18. Qh2 b5 19. h5 h6 20. Rd3 Kb8 21. Na2 Rc8 22. Rhd1 d5 23. exd5 exd5 24. Kb1 Qe6 25. Qe2 e4 26. Bg1 Rc6 27. fxe4 dxe4 28. Rg3 Rd6 29. Re1 Rhd8 30. Qf2 Nxg4 31. Qa7+ Kc8 32. Rc3+ Rc6 33. Qa8+ Kc7 34. Qa7+ Kd6 35. Rxc6+ Kxc6 36. Qxa6+ Kd7 37. Qxb5+ Kc8 38. Bb6 Rd5 39. Qa6+ Kd7 40. Qb7+ Ke8 41. Nc3 Rd7 42. Rxe4 Rxb7 43. Rxe6 Kd7 44. Rg6 Ne5 45. Rxg7 Rxb6 46. Nd5 Re6 47. Rh7 Ng6 48. Nxe7 Rxe7 49. Rxe7+ Kxe7 50. b4 Nf4 51. b5 Nxh5 52. c4 Nf6 53. Kc2 Kd6 54. Kd3 Kc5 55. a4 Kb6 56. Kd4 h5 57. c5+ Kc7 58. a5 h4 59. a6 Nd7 60. Ke3 Nxc5 61. a7 Kb7 62. b6 Nd7 1/2-1/2

[Event "CRO-chT U20 16th"]
[Site "Sv Filip i Jakov"]
[Date "2007.04.15"]
[Round "11"]
[White "Vrsek, Ivan"]
[Black "Sepic, Ante"]
[Result "1-0"]
[WhiteElo "2103"]
[BlackElo "1898"]
[PlyCount "77"]
[EventDate "2007.04.10"]
[EventType "team-tourn"]
[EventRounds "11"]
[EventCountry "CRO"]
[SourceTitle "EXT 2010"]
[Source "ChessBase"]
[SourceDate "2010.11.25"]
[SourceVersion "1"]
[SourceVersionDate "2010.11.25"]
[SourceQuality "1"]

1. d4 d5 2. c4 e6 3. Nc3 Be7 4. cxd5 exd5 5. Bf4 Nf6 6. Qc2 c6 7. e3 0-0 8. Bd3 Nbd7 9. h3 Re8 10. Nf3 Nf8 11. Ne5 Ne6 12. Bh2 Bd6 13. 0-0-0 a5 14. f4 Qc7 15. g4 Nf8 16. g5 Bxe5 17. fxe5 Nh5 18. Nxd5 Qd8 19. Nf4 Qxg5 20. Rdg1 Qh6 21. Qe2 Nxf4 22. Bxf4 Qe6 23. Bc4 Qd7 24. Qg2 g6 25. h4 b5 26. Bd3 Bb7 27. Be4 Re6 28. Bg5 Qe8 29. h5 Nd7 30. Qh2 Nf8 31. Bh6 Re7 32. Rf1 Qd7 33. Bg5 Re6 34. Qg2 Qc7 35. Bf6 Rae8 36. Qg5 Qd7 37. Qh6 Rxf6 38. exf6 Ne6 39. hxg6 1-0

[Event "CRO-chT U20 16th"]
[Site "Sv Filip i Jakov"]
[Date "2007.04.14"]
[Round "9"]
[White "Turk, Karlo"]
[Black "Sepic, Ante"]
[Result "0-1"]
[WhiteElo "1801"]
[BlackElo "1898"]
[PlyCount "92"]
[EventDate "2007.04.10"]
[EventType "team-tourn"]
[EventRounds "11"]
[EventCountry "CRO"]
[SourceTitle "EXT 2010"]
[Source "ChessBase"]
[SourceDate "2010.11.25"]
[SourceVersion "1"]
[SourceVersionDate "2010.11.25"]
[SourceQuality "1"]

1. d4 d5 2. c3 Nf6 3. Nf3 Bf5 4. e3 e6 5. Bd3 Bg6 6. Bxg6 hxg6 7. Qe2 a6 8. Nbd2 Nbd7 9. e4 dxe4 10. Nxe4 Nxe4 11. Qxe4 c6 12. Bf4 Nf6 13. Qe2 Bd6 14. Ne5 Nd5 15. Bg3 g5 16. Nd3 Nf4 17. Bxf4 gxf4 18. Ne5 Qg5 19. Nf3 Qf6 20. 0-0-0 0-0-0 21. Qc2 Rh5 22. b4 Rdh8 23. a4 g5 24. h3 g4 25. Ng1 f3 26. gxf3 gxh3 27. Kb2 h2 28. Ne2 Qxf3 29. Ng3 Bxg3 30. fxg3 Qxg3 31. Qd3 Qxd3 32. Rxd3 Rg5 33. Rd2 Rgh5 34. Rf2 f5 35. Re2 Kd7 36. Rg2 f4 37. Rf2 Rh4 38. Kc2 Kd6 39. Kd3 e5 40. Ke4 exd4 41. cxd4 f3+ 42. Ke3 Re8+ 43. Kxf3 Rf8+ 44. Kg3 Rxf2 45. Kxf2 Kd5 46. Kg3 Rh8 0-1

[Event "CRO-chT U20 16th"]
[Site "Sv Filip i Jakov"]
[Date "2007.04.11"]
[Round "4"]
[White "Sepic, Ante"]
[Black "Ivekovic, Ivana"]
[Result "0-1"]
[WhiteElo "1898"]
[BlackElo "1903"]
[PlyCount "94"]
[EventDate "2007.04.10"]
[EventType "team-tourn"]
[EventRounds "11"]
[EventCountry "CRO"]
[SourceTitle "EXT 2010"]
[Source "ChessBase"]
[SourceDate "2010.11.25"]
[SourceVersion "1"]
[SourceVersionDate "2010.11.25"]
[SourceQuality "1"]

1. e4 c5 2. Nf3 e6 3. d4 cxd4 4. Nxd4 a6 5. Nc3 Qc7 6. Be2 b5 7. Be3 Bb7 8. Bf3 d6 9. Nce2 Nf6 10. Ng3 Nbd7 11. Rc1 Ne5 12. b3 Nxf3+ 13. gxf3 d5 14. exd5 Nxd5 15. c4 Nxe3 16. fxe3 Qe5 17. Kf2 Ba3 18. Rc2 bxc4 19. Rxc4 0-0 20. Qe2 Rac8 21. Rxc8 Rxc8 22. Rd1 h6 23. Rd2 Bc5 24. Qd1 Rd8 25. Nf1 Qh5 26. Kg2 e5 27. Nc2 Bxf3+ 28. Qxf3 Rxd2+ 29. Nxd2 Qg6+ 30. Kf2 Qxc2 31. Qa8+ Kh7 32. Qe4+ Qxe4 33. Nxe4 Bb4 34. Kf3 f5 35. Ng3 g6 36. Nh1 e4+ 37. Ke2 g5 38. Nf2 Kg6 39. Nd1 f4 40. exf4 gxf4 41. h3 Kf5 42. Kf2 Bc5+ 43. Kg2 f3+ 44. Kg3 Bd6+ 45. Kf2 Kf4 46. Nc3 Bc5+ 47. Ke1 Bb4 0-1